Memorias / (Registro nro. 8211)

Detalles MARC
000 -CABECERA
Campo de control 00953nam a22002417a 4500
005 - FECHA Y HORA DE LA ULTIMA TRANSACCION
Campo de control 20140304093216.0
008 - ELEMENTOS DE LONGITUD FIJA—INFORMACION GENERAL
Campo de control 140304t2002 ck ab gr 10010 spa d
041 0# - IDIOMA
Código de idioma para texto/pista de sonido o título separado Español
044 ## - PAÍS DE PUBLICACIÓN
País de publicación Colombia
082 04 - NUMERO DE CLASIFICACION DECIMAL DEWEY
Número de clasificación 333.9162
Número del ítem F98m
111 2# - ASIENTO PRINCIPAL--NOMBRE DE REUNION
Nombre de reunión o de jurisdicción como elemento de entrada Encuentro Mundial de Ríos
Fecha de la reunión 2002
Lugar de la reunión Bogotá
245 10 - MENCION DE TITULO
Título Memorias /
Mención de responsabilidad 3er. Encuentro Mundial de Ríos
260 3# - PUBLICACION, DISTRIBUCION, ETC. (PIE DE IMPRENTA)
Lugar de publicación, distribución, etc. Bogotá
Nombre del editor, distribuidor, etc. Fundación al Verde Vivo
Fecha de publicación, distribución, etc. 2002
300 ## - DESCRIPCION FISICA
Extensión 162 p.
Otros detalles físicos il., fot., mapas, tablas
Dimensiones 27 cm
650 #6 - ASIENTO SECUNDARIO DE MATERIA - TERMINO TEMATICO
Término temático o nombre geográfico como elemento de entrada Ríos
Subdivisión de forma Congresos, conferencias, etc..
650 #6 - ASIENTO SECUNDARIO DE MATERIA - TERMINO TEMATICO
Término temático o nombre geográfico como elemento de entrada Recursos hídricos
Subdivisión de forma Congresos, conferencias, etc..
650 ## - ASIENTO SECUNDARIO DE MATERIA - TERMINO TEMATICO
Término temático o nombre geográfico como elemento de entrada Contaminación de ríos
Subdivisión de forma Congresos, conferencias, etc..
650 #6 - ASIENTO SECUNDARIO DE MATERIA - TERMINO TEMATICO
Término temático o nombre geográfico como elemento de entrada Conservación de recursos hídricos
Subdivisión de forma Congresos, conferencias, etc..
650 #6 - ASIENTO SECUNDARIO DE MATERIA - TERMINO TEMATICO
Término temático o nombre geográfico como elemento de entrada Problemas ambientales
Subdivisión de forma Congresos, conferencias, etc..
700 1# - ASIENTO SECUNDARIO - NOMBRE PERSONAL
Nombre personal Vásquez Lalinde, Fernando
Término de relación ed.
700 1# - ASIENTO SECUNDARIO - NOMBRE PERSONAL
Nombre personal Roa, Carol
Término de relación tr.
942 ## - ELEMENTOS ADICIONALES (KOHA)
Sistema de clasificación Dewey Decimal Classification
Tipo de ítem Impreso
Existencias
Withdrawn status Lost status Sistema de Clasificación Damaged status No para préstamo Colección Inventariado Ubicación Permanente Ubicación actual Fecha de adquisición Total Checkouts Número topográfico Inventario / Código de Barras Date last seen Date checked out Ejemplar Price effective from Forma de adquisición Tipo de material
    Dewey Decimal Classification     General Inventariado 2017 Bogotá Bogotá 04/03/2014 1 LB-333.9162 F98m 034068 29/01/2020 29/01/2020 Ej. 1 04/03/2014   Libro